000 00306nam a2200133 a 4500
008 020703s1954||||xx 0 und c
040 _aSNK
_bslo
_cSNK
_eAACR2
245 1 0 _aVotrubov zbornĂ­k
260 _aBratislava
_bSVKL
_c1954
300 _a384 s.
044 _axo
_cSK
041 _aslo
020 _c52,70
999 _c15209
_d15209